00538nam a2200157 4500001000700000003000900007005001700016007000300033008004100036245010700077260007600184300004100260700002300301700002200324852003400346147989ES-MaACL20230906202353.0t|070214s1948 mx r ||||1| spa d00aCirugía de urgencia / cbajo la dirección de Julius L. Spivack ; traducción de Oscar G. Carrera. aMéxico : bUnión Tipográfica Editorial Hispano-Americana, c1948. a2 tomos, 4 lám. : bil. ; c25 cm.1 aSpivack, Julius L.1 aCarrera, Oscar G. aES-MaACLjE-1540-41 bR.28830